Naše současné spory o liberalismus
Enregistré dans:
| Autres auteurs: | |
|---|---|
| Format: | Livre |
| Langue: | tchèque |
| Publié: |
Praha
ALEKO
1995
|
| Édition: | 1. vyd. |
| Sujets: | |
| Tags: |
Pas de tags, Soyez le premier à ajouter un tag!
|
MARC
| LEADER | 00000nam a2200000 4500 | ||
|---|---|---|---|
| 001 | c011972 | ||
| 005 | 20221214072707.1 | ||
| 020 | |a 80-85341-53-0 | ||
| 041 | 0 | |a cze | |
| 044 | |a CZ | ||
| 245 | 1 | 0 | |a Naše současné spory o liberalismus |c zost. Milan Znoj |
| 250 | |a 1. vyd. | ||
| 264 | 1 | |a Praha |b ALEKO |c 1995 | |
| 300 | |a 165 s. | ||
| 610 | 2 | 0 | |a liberalizmus |
| 610 | 2 | 0 | |a spoločnosť |
| 610 | 2 | 0 | |a trh |
| 610 | 2 | 0 | |a kultúra |
| 610 | 2 | 0 | |a integrácia ekonomická medzinárodná |
| 610 | 2 | 0 | |a politika |
| 610 | 2 | 0 | |a štát |
| 700 | 1 | |a Znoj, Milan | |